Один класс аффинных расслоений; Прогрессивные технологии и экономика в машиностроении

Xehetasun bibliografikoak
Parent link:Прогрессивные технологии и экономика в машиностроении.— 2002.— С. 188-189
Egile nagusia: Лучинин А. А.
Beste egile batzuk: Князева О. Г. Ольга Геннадьевна
Hizkuntza:errusiera
Argitaratua: 2002
Gaiak:
Formatua: MixedMaterials Liburu kapitulua
KOHA link:https://koha.lib.tpu.ru/cgi-bin/koha/opac-detail.pl?biblionumber=100317

MARC

LEADER 00000naa2a2200000 4500
001 100317
005 20231031112058.0
035 |a (RuTPU)RU\TPU\book\107921 
090 |a 100317 
100 |a 20060821d2002 k y0rusy50 ca 
101 0 |a rus 
102 |a RU 
200 1 |a Один класс аффинных расслоений  |f А. А. Лучинин, О. Г. Князева 
463 0 |0 (RuTPU)RU\TPU\book\68544  |t Прогрессивные технологии и экономика в машиностроении  |o труды региональной научно-практической конференции, Юрга, 25-26 апреля 2002 г.  |f Томский политехнический университет; Филиал ТПУ в Юрге; отв. ред. Б. Г. Долгун  |v С. 188-189  |d 2002  |p 208 с. 
610 1 |a аффинные расслоения 
610 1 |a расслоеное пространство 
610 1 |a труды учёных ТПУ 
700 1 |a Лучинин  |b А. А. 
701 1 |a Князева  |b О. Г.  |c российский учёный в области естественнонаучного образования  |c старший преподаватель Юргинского технологического инстиута (филиал) Томский политехнический университет  |g Ольга Геннадьевна  |2 stltpush  |3 (RuTPU)RU\TPU\pers\24503 
801 1 |a RU  |b 63413507  |c 20060821  |g PSBO 
801 2 |a RU  |b 63413507  |c 20150515  |g PSBO 
942 |c BK